| 000 | 01245cam a2200313 4500 | ||
|---|---|---|---|
| 008 | 040419n2003 000 0 eng u | ||
| 020 | _a0471244090 | ||
| 035 | _a(Sirsi) u125867 | ||
| 041 | _aeng | ||
| 050 |
_a526.9823 _c18 |
||
| 100 | _aThurston, Jeff | ||
| 245 |
_aIntegrated geospatial technologies _ba guide to GPS, GIS and data logging |
||
| 260 |
_aHoboken _aNew Jersey _bWiley _c2003 |
||
| 300 |
_axiii, 266p. _c25cm. |
||
| 350 | _a35.35 | ||
| 520 | _aThis book provides an integrated approach to various geotechnologies, mixing basic theory with practical applications. Chapters cover: geotechnology and integration; geodetics; cartography, mapping and map serving; geographic information systems; global positioning systems; geotechnology integration; sensors and instrumentation; digital photogrammetry and remote sensing; and visualization. Includes case studies and references. | ||
| 650 | _aCARTOGRAPHY | ||
| 650 | _aVISUALISATION | ||
| 650 | _aREMOTE SENSING | ||
| 650 | _aDIGITAL PHOTOGRAMMETRY | ||
| 650 | _aGEODETIC SURVEYING | ||
| 650 | _aGIS | ||
| 650 | _aGPS | ||
| 650 | _aGEOSPATIAL INFORMATION | ||
| 690 |
_aGeomatics _96242 |
||
| 700 | _aPoiker, Thomas | ||
| 700 | _aMoore, Patrick | ||
| 942 | _n0 | ||
| 999 |
_c103487 _d103487 |
||